Bytový dom

Guardado en:
Detalles Bibliográficos
Autor principal: Tamborský, Oliver (Autor)
Otros Autores: Gašparík, Jozef (Orientador)
Formato: Manuscrito Libro
Lenguaje:eslovaco
Publicado: 2018
Materias:
Acceso en línea:http://is.stuba.sk/zp/portal_zp.pl?podrobnosti=142793
https://opac.crzp.sk/?fn=detailBiblioForm&sid=CB745B58B0F7E53C045BC66F3E25
Etiquetas: Agregar Etiqueta
Sin Etiquetas, Sea el primero en etiquetar este registro!

MARC

LEADER 00000ntm a22000003a 4500
001 stuzp69195
003 SK-STU
005 20230719161514.0
007 ta
008 150427s2015----xo-----f-mn---000-0-slo-d
040 |a STU  |b slo 
041 0 |a slo 
100 1 |a Tamborský, Oliver  |u 010270  |4 aut  |U SvF Stavebná fakulta  |T SvF Katedra technológie stavieb  |X 75823  |U V270  |Y 28  |7 75823 
242 0 1 |a Apartment building  |y eng 
245 1 0 |a Bytový dom 
260 |c 2018 
650 4 |a projekt organizácie výstavby  |2 slo 
650 4 |a bytový dom  |2 slo 
650 4 |a fasádny systém  |2 slo 
650 4 |a The project of the Construction Organization  |2 eng 
650 4 |a facade system  |2 eng 
650 4 |a apartment building  |2 eng 
700 1 |a Gašparík, Jozef  |u 010270  |k Z1  |4 ths  |U SvF Stavebná fakulta  |T SvF Katedra technológie stavieb  |X 2737  |U V270  |Y 28  |7 A000002737 
856 4 |u http://is.stuba.sk/zp/portal_zp.pl?podrobnosti=142793 
856 4 |u https://opac.crzp.sk/?fn=detailBiblioForm&sid=CB745B58B0F7E53C045BC66F3E25